| 000 -LEADER |
| fixed length control field |
01332nam a22002297a 4500 |
| 005 - DATE AND TIME OF LATEST TRANSACTION |
| control field |
20190815111652.0 |
| 008 - FIXED-LENGTH DATA ELEMENTS--GENERAL INFORMATION |
| fixed length control field |
190815b ||||| |||| 00| 0 eng d |
| 020 ## - INTERNATIONAL STANDARD BOOK NUMBER |
| International Standard Book Number |
9781445157207 |
| 040 ## - CATALOGING SOURCE |
| Transcribing agency |
KH8 |
| 082 ## - DEWEY DECIMAL CLASSIFICATION NUMBER |
| Classification number |
796.334 MAS |
| 100 ## - MAIN ENTRY--PERSONAL NAME |
| Personal name |
Mason, Paul |
| 245 ## - TITLE STATEMENT |
| Title |
Football / |
| Statement of responsibility, etc. |
Paul Mason |
| 260 ## - PUBLICATION, DISTRIBUTION, ETC. |
| Place of publication, distribution, etc. |
London : |
| Name of publisher, distributor, etc. |
Franklin Watts, |
| Date of publication, distribution, etc. |
2017. ©2017. |
| 300 ## - PHYSICAL DESCRIPTION |
| Extent |
31 pages : |
| Other physical details |
colour illustrations ; |
| Dimensions |
28 cm. |
| 440 ## - SERIES STATEMENT/ADDED ENTRY--TITLE |
| Title |
Strange but true! |
| 500 ## - GENERAL NOTE |
| General note |
Includes index. |
| 505 ## - FORMATTED CONTENTS NOTE |
| Formatted contents note |
Football --<br/>but not as we know it! --<br/>Football's thug-like beginnings --<br/>Football: worldwide fun --<br/>Breaking the rules --<br/>The best names in the game --<br/>Extreme fans --<br/>Knockout competition --<br/>Football's greatest upsets --<br/>Weird World Cup --<br/>Football extremes --<br/>Crazy keepers --<br/>Goals, glorious goals --<br/>It's a funnu old game --<br/>Football quiz. |
| 520 ## - SUMMARY, ETC. |
| Summary, etc. |
<br/>Football can bring moments of joy and huge emotion. It can also bring moments of supreme weirdness! Some of football's oddest stories are almost too strange to be believed. From a match halted by bees, to a player being sent off for farting, this book uncovers some of the strangest true stories in the history of the sport. |
| Expansion of summary note |
It's a great fun read for any football fan aged 8+. |
| 650 ## - SUBJECT ADDED ENTRY--TOPICAL TERM |
| Source of heading or term |
Soccer |
| Topical term or geographic name entry element |
Juvenile literature. |
| 650 ## - SUBJECT ADDED ENTRY--TOPICAL TERM |
| Source of heading or term |
Soccer. |
| 942 ## - ADDED ENTRY ELEMENTS (KOHA) |
| Source of classification or shelving scheme |
|
| Koha item type |
Books - Non Ficton |